[Event "Barcelona Sant Marti op-B 23rd"]
[Site "Barcelona"]
[Date "2023.07.15"]
[Round "3"]
[White "Garcia Gonzalez, Juan"]
[Black "Essakkal Martinez, Yassin"]
[Result "1-0"]
[WhiteElo "1577"]
[BlackElo "1317"]
[PlyCount "95"]
[EventDate "2023.07.13"]
[EventType "swiss"]
[EventRounds "9"]
[EventCountry "ESP"]
[SourceTitle "CBM 215 Extra"]
[Source "ChessBase"]
[SourceDate "2023.09.30"]
[SourceVersion "1"]
[SourceVersionDate "2023.09.30"]
[SourceQuality "1"]

1. c4 c6 2. Nf3 d5 3. e3 a6 4. Nc3 Nf6 5. d3 dxc4 6. d4 b5 7. g3 Bf5 8. Bg2 h6 9. Ne5 Nfd7 10. Nxc6 Nxc6 11. Bxc6 Rb8 12. 0-0 Qc7 13. Bg2 Bd3 14. Re1 e6 15. e4 Bb4 16. Qg4 Kf8 17. f4 h5 18. Qh3 Nf6 19. Bf3 Bxc3 20. bxc3 Qa5 21. Bd2 Qa3 22. e5 Bf5 23. Qg2 Nd7 24. Be4 Bxe4 25. Qxe4 Nb6 26. f5 exf5 27. Qxf5 Nd5 28. Rf1 Qe7 29. Bg5 Qc7 30. Bd2 Rb6 31. Rae1 Re6 32. Rf2 g6 33. Qf3 Rh7 34. Qxd5 Qe7 35. Ref1 h4 36. g4 h3 37. Rf6 Rxf6 38. exf6 Qe6 39. Qd8+ Qe8 40. Qd6+ Kg8 41. Re1 Qc8 42. Bf4 Qxg4+ 43. Bg3 Rh8 44. Qe7 Qf3 45. Qe8+ Kh7 46. Qxf7+ Kh6 47. Qg7+ Kg5 48. Re5+ 1-0

[Event "Foment Martinenc op-B 20th"]
[Site "Barcelona"]
[Date "2018.04.28"]
[Round "2"]
[White "Garcia Gonzalez, Juan"]
[Black "Gomez Rivera, Judit"]
[Result "1-0"]
[WhiteElo "1658"]
[BlackElo "1372"]
[PlyCount "59"]
[EventDate "2018.04.21"]
[EventType "swiss"]
[EventRounds "9"]
[EventCountry "ESP"]
[SourceTitle "CBM 184 Extra"]
[Source "ChessBase"]
[SourceDate "2018.06.28"]
[SourceVersion "1"]
[SourceVersionDate "2018.06.28"]
[SourceQuality "1"]

1. c4 e5 2. Nc3 Nf6 3. g3 g6 4. Bg2 Bg7 5. Nf3 d6 6. 0-0 0-0 7. d3 Nc6 8. a3 Bd7 9. h3 Be6 10. Be3 h6 11. Rb1 Nd7 12. b4 f5 13. b5 Ne7 14. Bd2 Nc5 15. Na4 Nxa4 16. Qxa4 Qd7 17. Qc2 Kh7 18. Bc3 h5 19. Ng5+ Kg8 20. Nxe6 Qxe6 21. Bxb7 Rab8 22. Bg2 f4 23. Kh2 fxg3+ 24. fxg3 Nf5 25. Bd5 Qxd5 26. cxd5 Ne3 27. Rxf8+ Rxf8 28. Qa2 Rf2+ 29. Kh1 Nf5 30. Kg1 1-0

[Event "Maresme op 14th"]
[Site "Maresme"]
[Date "2017.10.07"]
[Round "2"]
[White "Goloubev Goloubeva, Maria"]
[Black "Garcia Gonzalez, Juan"]
[Result "1/2-1/2"]
[WhiteElo "1481"]
[BlackElo "1724"]
[PlyCount "151"]
[EventDate "2017.09.30"]
[EventType "swiss"]
[EventRounds "9"]
[EventCountry "ESP"]
[SourceTitle "CBM 181 Extra"]
[Source "ChessBase"]
[SourceDate "2017.12.12"]
[SourceVersion "1"]
[SourceVersionDate "2017.12.12"]
[SourceQuality "1"]

1. c4 e5 2. Nc3 Nf6 3. g3 d5 4. cxd5 Nxd5 5. Bg2 Nb6 6. Nf3 Nc6 7. b3 Be7 8. 0-0 0-0 9. Bb2 Be6 10. h3 f6 11. e3 Qd7 12. Kh2 Rad8 13. Qe2 Qd3 14. Qxd3 Rxd3 15. Rfd1 Rfd8 16. Bf1 R3d7 17. Ne2 Bd5 18. Neg1 Be4 19. Bc3 Nd5 20. Be2 Ndb4 21. Bc4+ Kf8 22. Be6 Rd6 23. Bc4 Nd3 24. Bxd3 Rxd3 25. Ne1 R3d7 26. f3 Bd3 27. Nxd3 Rxd3 28. a3 Bc5 29. Rdc1 Be7 30. Kg2 a5 31. Rc2 R8d7 32. Kf2 b5 33. Ke2 b4 34. axb4 Nxb4 35. Rb2 R3d5 36. e4 Rb5 37. h4 c5 38. Nh3 Nc6 39. Nf2 Nd4+ 40. Bxd4 cxd4 41. Nd3 Rdb7 42. Nc1 Rc7 43. Kd1 Bb4 44. Nd3 Be7 45. Nc1 Kf7 46. Rba2 Ra7 47. Ra4 Bd8 48. b4 Ra6 49. Nb3 Be7 50. Rxa5 Raxa5 51. Nxa5 Rxb4 52. Nc6 Rb7 53. Nxe7 Rxe7 54. Ke2 h5 55. Rb1 Rc7 56. Kd3 Ra7 57. Ke2 Kg6 58. Rg1 Ra3 59. g4 hxg4 60. Rxg4+ Kf7 61. h5 Ra1 62. Rh4 Rg1 63. Rh2 Rg5 64. h6 gxh6 65. Rxh6 Rg2+ 66. Kd3 Rg3 67. Ke2 Ke6 68. Rh8 Rg2+ 69. Ke1 Rg1+ 70. Ke2 Rb1 71. Rh4 Rb3 72. f4 exf4 73. Rxf4 Ke5 74. Rf5+ Kxe4 75. Rxf6 d3+ 76. Kf2 1/2-1/2

[Event "Barcelona Sant Marti op 6th"]
[Site "Barcelona"]
[Date "2017.03.09"]
[Round "9"]
[White "Garcia Gonzalez, Juan"]
[Black "Serentill Tost, Eduard"]
[Result "1/2-1/2"]
[WhiteElo "1802"]
[BlackElo "1700"]
[PlyCount "62"]
[EventDate "2017.01.12"]
[EventType "swiss"]
[EventRounds "9"]
[EventCountry "ESP"]
[SourceTitle "EXT 2018"]
[Source "ChessBase"]
[SourceDate "2017.10.13"]
[SourceVersion "1"]
[SourceVersionDate "2017.10.13"]
[SourceQuality "1"]

1. d4 Nf6 2. Nf3 g6 3. Bf4 Bg7 4. e3 d6 5. h3 0-0 6. Be2 Nbd7 7. 0-0 Re8 8. c3 b6 9. Nbd2 Bb7 10. a4 a5 11. Bh2 e5 12. dxe5 dxe5 13. e4 Nxe4 14. Nxe4 Bxe4 15. Bc4 Nc5 16. Qxd8 Raxd8 17. Ng5 Bd5 18. Bxd5 Rxd5 19. Rfd1 Red8 20. Rxd5 Rxd5 21. Nf3 f6 22. Kf1 Nb3 23. Re1 Nd2+ 24. Nxd2 Rxd2 25. Re2 Bh6 26. Rxd2 Bxd2 27. Ke2 Bc1 28. b3 Kf7 29. f4 Bxf4 30. Bxf4 exf4 31. Kf3 g5 1/2-1/2

[Event "Barcelona Sant Marti op-B 5th"]
[Site "Barcelona"]
[Date "2016.02.25"]
[Round "7"]
[White "Pascual Gonzalez, Novelles Carle"]
[Black "Garcia Gonzalez, Juan"]
[Result "1/2-1/2"]
[WhiteElo "1872"]
[BlackElo "1873"]
[PlyCount "87"]
[EventDate "2016.01.14"]
[EventType "swiss"]
[EventRounds "9"]
[EventCountry "ESP"]
[SourceTitle "EXT 2017"]
[Source "ChessBase"]
[SourceDate "2016.10.25"]
[SourceVersion "1"]
[SourceVersionDate "2016.10.25"]
[SourceQuality "1"]

1. e4 g6 2. d4 Bg7 3. f4 c5 4. c3 cxd4 5. cxd4 d5 6. e5 Nc6 7. Bb5 e6 8. Nf3 Nge7 9. Nbd2 Qb6 10. Qe2 Bd7 11. Nb3 a6 12. Bxc6 Bxc6 13. Nc5 Nf5 14. a4 Nxd4 15. Nxd4 Qxc5 16. Be3 Qb4+ 17. Kf2 0-0 18. b3 Bd7 19. Qd3 Rac8 20. Bd2 Qb6 21. Rhc1 Rxc1 22. Rxc1 Rc8 23. Rxc8+ Bxc8 24. Qc3 Qd8 25. Nf3 Bd7 26. Qb4 Qc8 27. Be3 Bf8 28. Qb6 Qc6 29. Qd8 Qc8 30. Qb6 Be7 31. Nd4 Bc5 32. Qa5 b6 33. Qc3 b5 34. axb5 axb5 35. b4 Bxd4 36. Qxc8+ Bxc8 37. Bxd4 Kf8 38. Bc5+ Kg7 39. Be7 h6 40. Ke3 Bd7 41. Kd4 Bc6 42. g3 h5 43. Kc5 Be8 44. Bf6+ 1/2-1/2